000
00324nam a22001457a 4500
003
SGT
020
_a
9789380078540
082
_a
920
_b
T71F
100
_a
FRANKLIN, BENJAMIN
245
_a
THE AUTOBIOGRAPHY OF BENJAMIN FRANKLIN
260
_b
MAANU GRAPHICS
_c
1771
300
_a
231
650
_a
BIOGRAPHY
942
_2
ddc
_c
BK
999
_c
28329
_d
28329